Govt. of
Madhya Pradesh

Revisiting Bhasa (Record no. 69042)

MARC details
000 -LEADER
fixed length control field 00403nam a22001577a 4500
003 - CONTROL NUMBER IDENTIFIER
control field MACL
005 - DATE AND TIME OF LATEST TRANSACTION
control field 20260410150909.0
008 - FIXED-LENGTH DATA ELEMENTS--GENERAL INFORMATION
fixed length control field 260410b |||||||| |||| 00| 0 eng d
040 ## - CATALOGING SOURCE
Transcribing agency MACL
082 ## - DEWEY DECIMAL CLASSIFICATION NUMBER
Classification number 400\RAJ
100 ## - MAIN ENTRY--PERSONAL NAME
Personal name Edi.Rajendran,C
9 (RLIN) 84020
245 ## - TITLE STATEMENT
Title Revisiting Bhasa
Remainder of title Perspectives And Perceptions
260 ## - PUBLICATION, DISTRIBUTION, ETC. (IMPRINT)
Place of publication, distribution, etc. New Delhi
Name of publisher, distributor, etc. Sahitya akademi
Date of publication, distribution, etc. 2021
650 ## - SUBJECT ADDED ENTRY--TOPICAL TERM
Topical term or geographic name as entry element language
942 ## - ADDED ENTRY ELEMENTS (KOHA)
Source of classification or shelving scheme
Koha item type Books

No items available.